000 00456nam a2200157Ia 4500
001 64889
008 211103n ii |||gr||||Z||||||465
020 _a9789351380863
082 _a428.24
100 _aWood, Frederick,
_eAuthor.
245 0 _aA remedial english grammar for foreign students
_cFrederick T Wood
_hTextual Documents
260 _a2017:
_bTrinity Press,
_cNew Delhi.
300 _a213p.:
_c20cm.
653 _aEnglish grammar
942 _2ddc
_cBK
999 _c65989
_d65989